000 00641nam a22002050a 4500
001 PT33942
003 AR-LpoUNG
005 20210201010123.0
008 201001suuuu||||ag |||||||||||||||||spa d
040 _aAR-LpoUNG
_bspa
_eaacr
041 _aspa
082 0 _a982.063 81doc
100 1 _aUrriza, Manuel
245 1 0 _aDocumentos del retorno :
_bnoviembre 1972
260 _as.l.
_bs.e.
_cs.f.
490 0 _aCuadernos del Instituto Nacional Juan Domingo Perón ;
_vno.5
710 2 _aInstituto Nacional Juan Domingo Perón de Estudios e Investigaciones Históricas, Sociales y Políticas (Buenos Aires)
905 _a33942
942 _cLIB
999 _c50499
_d50499